Acteurs par lettre : J/K - Statistiques

Statistiques générales
  • Ce quiz a été pris 75 fois
  • Le résultat moyen est 6 sur 13
Statistiques - réponses
Films Années Lettres Acteurs % Correct
Les Bronzés font du ski / Les Choristes 1951- J Gérard Jugnot
95%
La Haine / les Rivières Pourpres (Réalisateur) 1967- K Mathieu Kassovitz
72%
Logan / The Greatest Showman 1968- J Hugh Jackman
69%
Maléfique / Maria 1975- J Angelina Jolie
67%
Black Widow / Avengers 1984- J Scarlett Johansson
67%
Jumanji / Vaiana 1972- J Dwayne Johnson
61%
Eyes Wide Shut / Un couple parfait 1967- K Nicole Kidman
47%
Camp Rock / Devotion 1989- J Joe Jonas
25%
Hôtel du Nord / Quai des Orfèvres 1887-1951 J Louis Jouvet
17%
The Wiz / Captain Eo 1958-2009 J Michael Jackson
17%
Maison de retraire / A tes côtés 1977- J Jarry
8%
Le Roi des Ombres / Quatre Zéros 1980- K Kaaris
5%
Disaster Movie / Miss Americana 1980- K Kim Kardashian
3%
Aucun quiz correspondant
Distribution des résultats
% des personnes avec chaque résultat
Percentile par nombre de réponses
Votre historique - résultats
Vous n’avez pas pris ce quiz